000 00645cam a22002293a 4500
001 9624
003 PGUSA
005 20140828083214.0
008 060101s2006||||xxu|||||s|||||000 | eng d
040 _aPGUSA
_beng
042 _adc
050 4 _aTX
100 1 _aLeslie, Eliza,
_d1787-1858
245 1 0 _aDirections for Cookery, in its Various Branches
_h[electronic resource] /
_cEliza Leslie
260 _bProject Gutenberg,
_c2006
506 _aPublic domain in the USA.
516 _aElectronic text
653 _aCooking, American
830 0 _aProject Gutenberg
_v9624
856 4 0 _uhttp://www.gutenberg.org/ebooks/9624
942 _cEB
999 _c238880
_d238880